| 000 | 01073nam a22001937a 4500 | ||
|---|---|---|---|
| 999 |
_c6851 _d6851 |
||
| 003 | AR-CdUCM | ||
| 008 | 190319b ||||| |||| 00| 0 spa d | ||
| 040 |
_aMUNICIPALIDAD PROVINCIAL DEL CUSCO _cBIBLIOTECA MUNICIPAL DEL CUSCO |
||
| 082 |
_26ed. _a658.1 / _bC23 |
||
| 100 |
_aCallo Cáceres, Antonio _919301 |
||
| 245 | _aConstitución - organización - contabilidad - administración de la empresa / | ||
| 260 |
_aLima : _bArtes y Diseños Láser, _c1999. |
||
| 300 |
_a2 tomos ; _bcuadros ; _c21 cm. |
||
| 505 | _aContenido : t.1. La empresa -- Constitución -- Cambios en la estructura -- Terminología siglas y abreviaturas de uso en la empresa -- Comprobantes de pago y documentos de comercio interno y externo -- Los títulos valores -- Desarrollo organizacional ... -- t.2. Contabilidad de la empresa -- El plan contable general -- Libros de contabilidad -- El balance general y los estados financieros. Impuesto a la renta ... | ||
| 650 |
_aContabilidad administrativa _919302 |
||
| 650 |
_aAdministración de empresas _96082 |
||
| 942 |
_2ddc _cLIBROS |
||
| 945 | _azta | ||